000 00591nam a2200181Ia 4500
008 090123s9999 xx 000 0 und d
082 _b38672
100 _aशेवते अरुण
245 _aआठवणींच्या सावल्या
250 _a0
260 _bदिलिप प्रकाशन
_c2005
300 _a159
600 _aशेवते अरुण
630 _aआठवणींच्या सावल्या
700 _aशेवते अरुण
730 _aआठवणींच्या सावल्या
942 _cBOOK
999 _c76740
_d76740